Music Quiz

Random Music or Song Quiz

Can you guess the olly murs song Quiz Stats

 Plays Quiz not verified by Sporcle

Also try: Who Sang It? II
Challenge
Share
Tweet
Embed
Score 0/112 Timer 20:00
0 Plays Today
lyrics: % Correct
the
68.3%
a
68.3%
and
68.3%
you
66.2%
the
65.1%
and
57.9%
me
49.6%
my
45.7%
i
45.3%
your
42.8%
in
42.4%
is
41.4%
it
39.2%
you're
38.5%
to
37.4%
I'm
36.3%
on
36.3%
be
36%
for
35.6%
are
34.9%
where
31.3%
at
30.6%
when
29.9%
look
29.9%
dont
28.4%
but
27.3%
not
27.3%
time
27%
its
26.6%
thats
26.6%
place
26.3%
fall
26.3%
this
25.5%
wonder
25.2%
one
24.8%
wrong
24.5%
meant
24.5%
right
24.5%
lyrics: % Correct
think
24.1%
time
24.1%
know
23.7%
like
23.7%
accidental
23.4%
walk
23%
turn
23%
see
23%
right
22.7%
like
22.3%
up
22.3%
just
22.3%
best
21.9%
there
21.6%
arms
21.6%
kind
21.2%
all
20.5%
destiny
20.5%
way
20.1%
meet
19.8%
make
19.8%
cause
19.8%
always
19.4%
too
19.4%
just
19.4%
trip
19.1%
get
19.1%
always
19.1%
friends
18.7%
from
18.3%
see
18%
was
17.6%
stop
16.9%
feet
16.5%
fate
16.5%
home
16.2%
long
15.8%
meant
15.8%
lyrics: % Correct
saying
15.8%
street
15.5%
standing
15.5%
stars
15.5%
every
15.1%
soon
15.1%
threw
15.1%
coincidental
15.1%
luck
14.7%
air
14.7%
you'll
14.4%
feels
14.4%
our
14%
believe
14%
clothes
13.7%
doing
13.3%
clear
12.9%
number
12.9%
into
12.6%
names
12.6%
left
12.6%
twisting
12.2%
care
12.2%
hang
11.9%
magazine
11.9%
book
11.2%
read
11.2%
styles
10.8%
truth
10.8%
wear
10.1%
without
10.1%
face
10.1%
calls
8.6%
ooh
8.3%
future
7.9%
bend
7.2%

You're not logged in!

Compare scores with friends on all Sporcle quizzes.
OR
Log In

You Might Also Like...

Show Comments

Extras

Created Mar 5, 2011ReportNominate
Tags:Song Quiz, olly

Top Quizzes Today


Score Distribution

Your Account Isn't Verified!

In order to create a playlist on Sporcle, you need to verify the email address you used during registration. Go to your Sporcle Settings to finish the process.

Report this User

Report this user for behavior that violates our Community Guidelines.

Details: